000 004310000a22001690004500
003 MACL
005 20160113155239.0
008 160113b xxu||||| |||| 00| 0 eng d
040 _aMACL
_cMACL
041 _aEnglish
082 _a962/LEE
100 _aMaspero, Gaston
_928753
245 _aEgypt Ancient Sites and Modern Scenes
260 _bT Fisher Unwin
_c1910
_aLondon
650 _aHistory
_931917
942 _cBK
_k962/MAS
_2ddc
999 _c36930
_d36930